000 00391 a2200169 4500
001 184657
020 _a85-262-5004-3
040 _cMagnum
100 _aLarreula, Enric
240 1 0 _aAs férias da bruxa Onilda
_lpor
245 1 0 _aAs férias da bruxa Onilda
300 _a31
362 0 _a2003
440 1 _aScipione
697 _aLITERATURA INFANTO-JUVENIL ESTRANGEIRA
942 _cBK
999 _c184657
_d184657